The Environmental Noise (England) Regulations 2006 (Record no. 105885)

MARC details
000 -LEADER
fixed length control field 00849cam a2200217 4500
001 - CONTROL NUMBER
control field ##L134998
008 - FIXED-LENGTH DATA ELEMENTS--GENERAL INFORMATION
fixed length control field 060918n2006 000 0 eng u
020 ## - INTERNATIONAL STANDARD BOOK NUMBER
International Standard Book Number 0110750292
035 ## - SYSTEM CONTROL NUMBER
System control number (Sirsi) u134998
041 0# - LANGUAGE CODE
Language code of text/sound track or separate title eng
245 04 - TITLE STATEMENT
Title The Environmental Noise (England) Regulations 2006
260 ## - PUBLICATION, DISTRIBUTION, ETC.
Place of publication, distribution, etc. London
Name of publisher, distributor, etc. TSO
Date of publication, distribution, etc. 2006
490 #0 - SERIES STATEMENT
Series statement SI
Volume/sequential designation 2006: 2238
520 ## - SUMMARY, ETC.
Summary, etc. Regulations which apply to environmental noise to which people are exposed, for example in built-up areas, parks or other quiet areas in an agglomeration. Come into force on 1 October 2006.
590 ## - LOCAL NOTE (RLIN)
Local note IKA190906
650 24 - SUBJECT ADDED ENTRY--TOPICAL TERM
Topical term or geographic name entry element ENVIRONMENTAL NOISE (ENGLAND) REGULATIONS 2006
651 #4 - SUBJECT ADDED ENTRY--GEOGRAPHIC NAME
Geographic name England
Chronological subdivision 886-
690 ## - LOCAL SUBJECT ADDED ENTRY--TOPICAL TERM (OCLC, RLIN)
Topical term or geographic name as entry element Planning and development
9 (RLIN) 6259
856 40 - ELECTRONIC LOCATION AND ACCESS
Uniform Resource Identifier <a href="https://www.opsi.gov.uk/si/si2006/20062238.htm">https://www.opsi.gov.uk/si/si2006/20062238.htm</a>
Public note View the Order free of charge at www.opsi.gov.uk...
942 ## - ADDED ENTRY ELEMENTS (KOHA)
Suppress in OPAC 0
Holdings
Withdrawn status Lost status Source of classification or shelving scheme Damaged status Not for loan Home library Current library Shelving location Date acquired Total Checkouts Full call number Barcode Date last seen Copy number Price effective from Koha item type
    Dewey Decimal Classification     Virtual Virtual Online 18/09/2006   ONLINE PUBLICATION 134998-1001 06/08/2019 1 06/08/2019 Book